000
00474nam a22001337a 4500
003
SGT
020
_a
9788179171516
082
_a
301.2
_b
O99V
100
_a
वर्मा, आनंदस्वरूप
245
_a
औपनिवेशिक मानसिकता से मुक्ति, शिक्षा और संस्कृति की राजनीती
260
_b
ग्रन्थ शिल्पी
_c
1999
300
_a
268
942
_2
ddc
_c
BK
999
_c
29327
_d
29327